Catalog

Record Details

Catalog Search



Available copies

  • 2 of 2 copies available at LARL/NWRL Consortium.
  • 1 of 1 copy available at Lake Agassiz Regional Library. (Show preferred library)

Current holds

0 current holds with 2 total copies.

Show Only Available Copies
Location Call Number / Copy Notes Barcode Shelving Location Status Due Date
Moorhead Public Library Y ANC (Text) 33500014191449 Main Available -
Godel Memorial-Warren Library ya ANC (Text) 35500006862435 Main Available -

Record details

  • ISBN: 0063285835
  • ISBN: 9780063285835
  • Physical Description: 380 pages ; 22 cm
  • Publisher: New York: HarperCollins, 2025.

Content descriptions

Summary, etc.:
"Hollis Brown is stuck. Born to a blue-collar ... Read More
Subject: Friendship > Juvenile fiction.
Love in adolescence > Juvenile fiction.
Spirit possession > Juvenile fiction.
Spirits > Juvenile fiction.
Teenagers > Juvenile fiction.
Friendship > Fiction.
Love > Fiction.
Spirit possession > Fiction.
Spirits > Fiction.
Teenagers > Fiction.
Genre: Gay fiction.
Ghost stories.
Romance fiction.
Thrillers (Fiction)
Fiction.
LDR 03359cam a2200601Mi 4500
001455254
003LARL_NWRL_CONSORTIUM
00520250418161052.0
008240703s2025 nyu 000 1 eng d
040 . ‡aYDX ‡beng ‡erda ‡cYDX ‡dOCLCO ‡dBDX ‡dIG# ‡dFAYTV ‡dOCLCO ‡dOCO ‡dSRB ‡dHSA
020 . ‡a0063285835
020 . ‡a9780063285835
035 . ‡a(OCoLC)1443485052
082 4. ‡a[Fic]
1001 . ‡aAncrum, K. ‡q(Kayla), ‡d1991- ‡eauthor.
24514. ‡aThe corruption of Hollis Brown / ‡cK. Ancrum
264 1. ‡aNew York: ‡bHarperCollins, ‡c2025.
300 . ‡a380 pages ; ‡c22 cm
336 . ‡atext ‡btxt ‡2rdacontent
337 . ‡aunmediated ‡bn ‡2rdamedia
338 . ‡avolume ‡bnc ‡2rdacarrier
520 . ‡a"Hollis Brown is stuck. Born to a blue-collar American Dream, Hollis lives in a rotting small town where no one can afford to leave.Hollis's only bright spots are his two best friends, cool girls Annie and Yulia, and the thrill of fighting his classmates. As if his circumstances couldn't get worse, a chance encounter with a mysterious stranger named Walt results in a frightening trap. After unknowingly making a deal at the crossroads, Hollis finds himself losing control of his body and mind, falling victim to possession. Walt, the ghost making a home inside him, has a deep and violent history rooted in the town Hollis grew up in and he has unfinished business to take care of. As Walt and Hollis begin working together to put Walt's spirit to rest, an unspeakable bond forms between them, and the boys begin falling for one another in unexpected ways. But it's only a matter of time before Hollis's best friends begin to notice that something about Hollis isn't quite...right. With the threat of a long-overdue exorcism looming before them, will Walt and Hollis be able to protect their love and undo the curse that turned their town from a garden of possibility into a place where dreams go to die?"-- ‡cFrontjacket flap.
650 0. ‡aFriendship ‡vJuvenile fiction. ‡0(LARL_NWRL_CONSORTIUM)164914
650 0. ‡aLove in adolescence ‡vJuvenile fiction.
650 0. ‡aSpirit possession ‡vJuvenile fiction.
650 0. ‡aSpirits ‡vJuvenile fiction.
650 0. ‡aTeenagers ‡vJuvenile fiction. ‡0(LARL_NWRL_CONSORTIUM)167671
650 1. ‡aFriendship ‡vFiction. ‡0(LARL_NWRL_CONSORTIUM)164944
650 1. ‡aLove ‡vFiction. ‡0(LARL_NWRL_CONSORTIUM)176088
650 1. ‡aSpirit possession ‡vFiction.
650 1. ‡aSpirits ‡vFiction. ‡0(LARL_NWRL_CONSORTIUM)175234
650 1. ‡aTeenagers ‡vFiction. ‡0(LARL_NWRL_CONSORTIUM)167663
655 7. ‡aGay fiction. ‡2lcgft
655 7. ‡aGhost stories. ‡2lcgft
655 7. ‡aRomance fiction. ‡2lcgft
655 7. ‡aThrillers (Fiction) ‡2lcgft
655 7. ‡aFiction. ‡2lcgft
901 . ‡a455254 ‡bOCoLC ‡c455254 ‡tbiblio ‡soclc

Additional Resources